La nativité de Seigneur ; Oiseaux exotiques ; <<La >>Bouscarle ; Réveil des oiseaux

Hlavní autor: Messiaen, Olivier, 1908-1992
Korporativní autor: Česká filharmonie
Další autoři: Klinda, Ferdinand, 1929-, Loriod, Yvonne, 1924-2010, Neumann, Václav, 1920-1995
Jazyk: Němčina
Vydáno: Praha : Supraphon, p1966
Vydání: 1. vyd.
Edice: Gramofonový klub
Témata:
Fyzický popis: 2 LP desky : 33 ot/min ; 30 cm + 1 příl. (8 s.).
Zvukové nahrávky
Uloženo v:
LEADER 01591njm a2200421 a 4500
001 000354940
003 CZ BrMZK
005 19980105143423.0
008 980105s1966 xr f ger d
028 0 3 |a DV 6251-52  |b Supraphon 
040 |a BOA001  |b cze 
080 |a 786.2(086.7)  |2 MRF 
080 |a 786.2.087.2(086.7)  |2 MRF 
080 |a 786.6"19(086.7)  |2 MRF 
100 1 |a Messiaen, Olivier,  |d 1908-1992  |7 jn20000604002  |4 cmp 
245 1 3 |a La nativité de Seigneur ;  |b Oiseaux exotiques ; <<La >>Bouscarle ; Réveil des oiseaux  |h [zvukový záznam] /  |c Olivier Messiaen 
250 |a 1. vyd. 
260 |a Praha :  |b Supraphon,  |c p1966 
300 |a 2 LP desky :  |b 33 ot/min ;  |c 30 cm +  |e 1 příl. (8 s.). 
490 1 |a Gramofonový klub 
500 |a Durata neuv 
500 |a Nahr. 1966 
511 0 |a Ferdinand Klinda, varhany; Yvonne Laroidová, klavír. Česká filharmonie, dir. Václav Neumann. 
653 0 |a duchovní hudba  |a klavír  |a varhany 
700 1 |a Klinda, Ferdinand,  |d 1929-  |7 jn20000620162  |4 prf 
700 1 |a Loriod, Yvonne,  |d 1924-2010  |7 pna2006338164  |4 prf 
700 1 |a Neumann, Václav,  |d 1920-1995  |7 jn19990209586  |4 cnd 
710 2 |a Česká filharmonie  |7 kn20010710169  |4 prf 
740 0 2 |a Oiseaux exotiques 
740 0 2 |a <<La >>Bouscarle 
740 0 2 |a Réveil des oiseaux 
830 0 |a Gramofonový klub 
910 |a BOA001  |b LP-0006.382 
964 |a Varhany  |z stol.20.,pol.1.  |x LP 
964 |a Klavír a orchestr  |x LP 
964 |a Klavír  |x LP 
990 |a AV 
996 6 |b 261H006733  |c LP-0006.382  |l MZK  |r Sklad / do 24 hodin  |n 0  |p kup  |w 000354940  |u 000010  |a 1  |e BOA001  |j MZK50  |s P